Statistiken für Was gehört zu welchen Land 5: Englischsprachige Länder

Klicken Sie hier um das Quiz zu spielen!

Allgemein

  • Dieses Quiz wurde 167 mal gespielt
  • Das Durchschnittsergebnis liegt bei 94 aus 100

Antwortstatistiken

FrageKachelSelect% Korrekt
Vereinigtes Königreich?ChicagoNein
100%
Vereinigtes Königreich?HollywoodNein
100%
Vereinigtes Königreich?KänguruNein
100%
Vereinigtes Königreich?KiwiNein
100%
Vereinigtes Königreich?SydneyNein
100%
den Vereinigten Staaten?Big BenNein
99%
Vereinigtes Königreich?InuitNein
99%
den Vereinigten Staaten?KänguruNein
99%
den Vereinigten Staaten?KiwiNein
99%
Vereinigtes Königreich?MaoriNein
99%
den Vereinigten Staaten?MelbourneNein
99%
Vereinigtes Königreich?OntarioNein
99%
Vereinigtes Königreich?OpernhausNein
99%
den Vereinigten Staaten?OpernhausNein
99%
den Vereinigten Staaten?SydneyNein
99%
Vereinigtes Königreich?TexasNein
99%
den Vereinigten Staaten?ThemseNein
99%
Vereinigtes Königreich?TorontoNein
99%
Vereinigtes Königreich?Big BenJa
98%
Australien?ChicagoNein
98%
Australien?HollywoodNein
98%
den Vereinigten Staaten?LiverpoolNein
98%
Vereinigtes Königreich?LiverpoolJa
98%
Australien?TexasNein
98%
Australien?Big BenNein
97%
Kanada?Big BenNein
97%
Kanada?ChicagoNein
97%
Australien?Empire State BuildingNein
97%
Kanada?Empire State BuildingNein
97%
Vereinigtes Königreich?Empire State BuildingNein
97%
Kanada?HollywoodNein
97%
Australien?InuitNein
97%
Kanada?KänguruNein
97%
Kanada?LiverpoolNein
97%
Australien?LiverpoolNein
97%
den Vereinigten Staaten?MaoriNein
97%
Australien?MontrealNein
97%
Kanada?OpernhausNein
97%
Kanada?SydneyNein
97%
Kanada?TexasNein
97%
den Vereinigten Staaten?TexasJa
97%
Kanada?ThemseNein
97%
Australien?ThemseNein
97%
Australien?TorontoNein
97%
den Vereinigten Staaten?WellingtonNein
97%
den Vereinigten Staaten?HollywoodJa
96%
Vereinigtes Königreich?MelbourneNein
96%
Kanada?MelbourneNein
96%
den Vereinigten Staaten?MontrealNein
96%
Vereinigtes Königreich?MontrealNein
96%
Australien?SydneyJa
96%
Vereinigtes Königreich?AucklandNein
95%
Kanada?AucklandNein
95%
Neuseeland?ChicagoNein
95%
Neuseeland?Empire State BuildingNein
95%
Neuseeland?HollywoodNein
95%
Kanada?KiwiNein
95%
Neuseeland?MontrealNein
95%
Australien?OntarioNein
95%
Neuseeland?SydneyNein
95%
Neuseeland?TexasNein
95%
Kanada?WellingtonNein
95%
den Vereinigten Staaten?AucklandNein
94%
Neuseeland?Big BenNein
94%
den Vereinigten Staaten?HighlandsNein
94%
Neuseeland?LiverpoolNein
94%
Neuseeland?MelbourneNein
94%
Neuseeland?OpernhausNein
94%
Neuseeland?ThemseNein
94%
den Vereinigten Staaten?TorontoNein
94%
Neuseeland?TorontoNein
94%
den Vereinigten Staaten?ChicagoJa
93%
Kanada?HighlandsNein
93%
Australien?HighlandsNein
93%
den Vereinigten Staaten?InuitNein
93%
Neuseeland?KänguruNein
93%
Kanada?MaoriNein
93%
den Vereinigten Staaten?OntarioNein
93%
Vereinigtes Königreich?ThemseJa
93%
Vereinigtes Königreich?WellingtonNein
92%
den Vereinigten Staaten?Empire State BuildingJa
91%
Neuseeland?OntarioNein
91%
Neuseeland?HighlandsNein
90%
Neuseeland?InuitNein
90%
Kanada?TorontoJa
90%
Australien?WellingtonNein
90%
Australien?KänguruJa
89%
Australien?AucklandNein
87%
Australien?MelbourneJa
87%
Kanada?MontrealJa
86%
Australien?KiwiNein
85%
Australien?OpernhausJa
85%
Kanada?OntarioJa
84%
Australien?MaoriNein
83%
Neuseeland?KiwiJa
80%
Neuseeland?WellingtonJa
80%
Vereinigtes Königreich?HighlandsJa
79%
Neuseeland?AucklandJa
77%
Neuseeland?MaoriJa
73%
Kanada?InuitJa
72%

Verteilung der Resultate

Perzentil nach korrekt beantworteten Fragen

Anzahl Personen mit jedem Resultat

Ihre Resultats-Entwicklung

Sie haben dieses Quiz noch nicht gespielt